| 000 | 02211cam a2200373 a 4500 | ||
|---|---|---|---|
| 999 |
_c9677 _d9677 |
||
| 001 | 799024812 | ||
| 003 | OCoLC | ||
| 005 | 20241126110716.0 | ||
| 008 | 120711s2013 ilu b 001 0 eng | ||
| 010 | _a2012023659 | ||
| 020 | _a9781433505751 | ||
| 020 | _a1433505754 | ||
| 035 | _a(OCoLC)799024812 | ||
| 040 |
_aDLC _beng _cDLC _dYDXCP _dBDX _dHNW _dABF _dOCLCF _dOCLCA _dBMS _dOCLCQ _dMZN |
||
| 042 | _apcc | ||
| 050 | 0 | 0 |
_aBS2685.53 _b.W55 2013 |
| 082 |
_a220.7 _bPRE |
||
| 090 |
_aBS2341.52 _b.P74 |
||
| 100 | 1 |
_aWilson, Todd A., _d1976- _916820 |
|
| 245 | 1 | 0 |
_aGalatians : _bgospel-rooted living / _cTodd A. Wilson |
| 260 |
_aWheaton, Ill. : _bCrossway, _c℗♭2013 |
||
| 300 |
_a276 pages ; _c24 cm |
||
| 336 |
_atext _btxt _2rdacontent |
||
| 337 |
_aunmediated _bn _2rdamedia |
||
| 338 |
_avolume _bnc _2rdacarrier |
||
| 490 | 1 | _aPreaching the Word | |
| 504 | _aIncludes bibliographical references and index | ||
| 505 | 0 | _aGo Back to Grace (1:1-5) -- Apostolic Astonishment! (1:6-9) -- People-Pleaser or Servant of Christ? (1:10) -- You are Your Best Argument (1:11-24) -- Seeing Grace (2:1-10) -- Remember the Poor (2:10) -- Staying in Step with the Truth of the Gospel (2:11-14) -- The Truth of the Gospel (2:15, 16) -- Cruciformity: the Shape of Gospel-Rooted Living (2:17-21) -- There's Only One Way to Finish (3:1-5) -- Abraham's Blessing (3:6-9) -- Clearing the Way for God's Blessing (3:10-14) -- Why Then the Law? (3:15-22) -- Heirs According to Promise (3:23-29) -- Adoption as Sons (4:1-7) -- Turning Back Isn't the Way Forward (4:8-11) -- Imitation Is the Solution, Part 1 (4:12) -- Imitation Is the Solution, Part 2 (4:12-20) -- Children of the Free Woman (4:21-31) -- What Ultimately Counts? (5:1-6) -- Free to Run (5:7-12) -- Through Love Serve One Another (5:13-15) -- The Sufficiency of the Spirit (5:16-26) -- Burden Bearing, Part 1: Spiritual Restoration (6:1-5) -- Burden Bearing, Part 2: Pay Your Pastor (6:6-10) -- Boast Only in the Cross (6:11-18) | |
| 630 | 0 | 0 |
_aBible. _pGalatians _vCommentaries _99746 |
| 630 | 0 | 0 |
_aBible. _pGalatians _xHomiletical use _916821 |
| 700 | 1 |
_aHughes, R. Kent, _d1942-, _eeditor _9917 |
|
| 830 | 0 |
_aPreaching the word _916818 |
|
| 942 |
_2ddc _cREF |
||